| 000 | 00431nmm a22001577a 4500 | ||
|---|---|---|---|
| 005 | 20170210105653.0 | ||
| 008 | 150728b xxu||||| |||| 00| 0 spa d | ||
| 041 | _aspa | ||
| 082 | _aMD 114 | ||
| 100 |
_aLópez Alfaro, Stephanie _911315 |
||
| 245 | _aInforme de Práctica Supervisada realizado en el Laboratorio Dental Ebenezer | ||
| 260 | _c2013 | ||
| 650 |
_aCOSTA RICA _939323 |
||
| 650 |
_aPRÓTESIS TOTAL _93685 |
||
| 942 | _cIP | ||
| 999 |
_c6796 _d6796 |
||